A. Rubio Dalmati
Na minha lista:
| Autor principal: | |
|---|---|
| Formato: | Livro |
| Idioma: | espanhol |
| Publicado em: |
Santiago
Universidad Católica de Chile
1965
|
| Colecção: | La Escultura en Chile, 1
|
| Assuntos: | |
| Tags: |
Adicionar Tag
Sem tags, seja o primeiro a adicionar uma tag!
|
MARC
| LEADER | 00000cam a2200000 a 4500 | ||
|---|---|---|---|
| 001 | UCH6147 | ||
| 003 | CL-VaPUC | ||
| 008 | 091109e19650000CL |||||||||||||||||spa|d | ||
| 082 | 0 | 4 | |a 920 |b GAL |2 21 |
| 100 | |a Galaz Capechiacci, Gaspar |e author |9 605524 | ||
| 245 | 1 | 0 | |a A. Rubio Dalmati |
| 300 | |a 58 p | ||
| 942 | |c BK | ||
| 945 | |d 20091109 00:00:00 |a ccalabra | ||
| 260 | |a Santiago |b Universidad Católica de Chile |c 1965 | ||
| 500 | |a Incluye láminas | ||
| 650 | 0 | |a Arte |9 265238 | |
| 650 | 0 | |a Esculturas |9 344688 | |
| 650 | 0 | |a Artes plásticas |9 268637 | |
| 650 | 0 | |a Artistas |9 262026 | |
| 650 | 0 | |a Creación artística |9 266215 | |
| 650 | 0 | |a Estética |9 264950 | |
| 651 | 7 | |a CHILE |2 CL-VaPUC |9 542539 | |
| 583 | |a last modification |c 20160602 17:24:01 |k Rodrigo Vera | ||
| 490 | 0 | |a La Escultura en Chile, 1 | |
| 999 | |c 337098 |d 337096 | ||
| 952 | |0 0 |1 0 |2 ddc |3 erb |4 0 |6 920_000000000000000_GAL_1965 |7 0 |8 A |9 429332 |a BIBART |b BIBART |i 5003539 |o 920 GAL 1965 |p 5003539 |r 2023-01-11 |w 2019-11-22 |y BK |z Catalogado en:20140116 |k ART | ||